000
00454nam a2200133Ia 4500
008
100328s9999 xx 000 0 und d
082
_b
66450
100
_a
कुकडे सुमती.
245
_a
आपले शरीर अदभुत कोडे.
260
_b
माुराज.
630
_a
आपले शरीर अदभुत कोडे.
730
_a
आपले शरीर अदभुत कोडे.
942
_c
BOOK
999
_c
552189
_d
552186